|
|
|
|
| LEADER |
00000cam a2200000 7i4500 |
| 001 |
0000000672 |
| 005 |
20151222.0 |
| 008 |
070702 |
| 020 |
|
|
|a 9833535275(set)
|
| 020 |
|
|
|a 9833535283
|
| 090 |
0 |
0 |
|a JF
|b AD MAL (586)
|
| 100 |
0 |
|
|a Nir Shahmer
|
| 245 |
1 |
0 |
|a Dendam Congga
|c Nir Shahmer
|
| 260 |
|
|
|a Selangor :
|b Tulip Publications ,
|c 2006
|
| 440 |
|
|
|a Siri dunia fantasi
|
| 500 |
|
|
|a Children ages 7-9 years old (orange)
|
| 650 |
|
0 |
|a Fantasy fiction, Malay
|
| 650 |
|
0 |
|a Malay fiction
|
| 999 |
|
|
|a 0000959381
|b Book
|c Children Collection
|e Perbadanan Perpustakaan Awam Johor
|
| 999 |
|
|
|a 0000959382
|b Book
|c Children Collection
|e Cawangan Tangkak
|
| 999 |
|
|
|a 0000959383
|b Book
|c Children Collection
|e Cawangan Bukit Gambir
|
| 999 |
|
|
|a 0000959384
|b Book
|c Children Collection
|e Perbadanan Perpustakaan Awam Johor
|
| 999 |
|
|
|a 0000959385
|b Book
|c Children Collection
|e Perbadanan Perpustakaan Awam Johor
|